<?xml version='1.0' encoding='UTF-8'?><?xml-stylesheet href='static/style.xsl' type='text/xsl'?><OAI-PMH xmlns="http://www.openarchives.org/OAI/2.0/" xmlns:xsi="http://www.w3.org/2001/XMLSchema-instance" xsi:schemaLocation="http://www.openarchives.org/OAI/2.0/ http://www.openarchives.org/OAI/2.0/OAI-PMH.xsd"><responseDate>2026-04-17T10:02:31Z</responseDate><request verb="GetRecord" identifier="oai:ebiltegia.mondragon.edu:20.500.11984/4256" metadataPrefix="marc">https://ebiltegia.mondragon.edu/oai/request</request><GetRecord><record><header><identifier>oai:ebiltegia.mondragon.edu:20.500.11984/4256</identifier><datestamp>2024-01-04T21:56:55Z</datestamp><setSpec>com_20.500.11984_1736</setSpec><setSpec>com_20.500.11984_1627</setSpec><setSpec>col_20.500.11984_1972</setSpec></header><metadata><record xmlns="http://www.loc.gov/MARC21/slim" xmlns:dcterms="http://purl.org/dc/terms/" xmlns:xsi="http://www.w3.org/2001/XMLSchema-instance" xmlns:doc="http://www.lyncode.com/xoai" xsi:schemaLocation="http://www.loc.gov/MARC21/slim http://www.loc.gov/standards/marcxml/schema/MARC21slim.xsd">
   <leader>00925njm 22002777a 4500</leader>
   <datafield ind2=" " ind1=" " tag="042">
      <subfield code="a">dc</subfield>
   </datafield>
   <datafield ind2=" " ind1=" " tag="720">
      <subfield code="a">Mondragon Unibertsitatea</subfield>
      <subfield code="e">author</subfield>
   </datafield>
   <datafield ind2=" " ind1=" " tag="260">
      <subfield code="c">2015-05-04</subfield>
   </datafield>
   <datafield ind2=" " ind1=" " tag="520">
      <subfield code="a">Pasa de ostegunean, apirilak 30, Aretxabaletako Arkupe Kultur-etxean Huhezinema 2015 lehiaketaren sariak banaketa ekitaldia egin zen. Sail Ofizialaren Goiena saria Aitor Arregik eraman zuen "Zarautzen erosi zuen" filmarekin. MONDRAGON UNIBERTSITATEko ikasleen lehiaketa, ostera, "Kate motzak" irabazi zuen fikziozko filmen atalean eta "Ur azpian" lanak dokumentalen atalean. Basque Culinary Center sariari dagokionez, "On egin" film laburrak jaso zuen sari nagusia. Ikus-entzuneko Komunikazioa graduko ikasleek antolatzen duten lehiaketan, 4.000 eurotik gorako sariak banatu ziren.</subfield>
   </datafield>
   <datafield ind2=" " ind1=" " tag="520">
      <subfield code="a">El pasado día 30 de abril se celebró la entrega de premios del concurso de cortos vascos Huhezinema 2015 organizado por estudiantes del grado de Comunicación audiovisual de MONDRAGON UNIBERTSITATEA. La gala se llevó a cabo en la casa de cultura Arkupe de Aretxabaleta. En la Sección Oficial el primer premio fue para el corto "La compró en Zarautz" del director Aitor Arregi. En concurso para estudiantes de MONDRAGON UNIBERTSITATEA lo premios fueron para el corto "Kate motzak" en la sección de ficción y para "Ur azpian" en la sección de documentales. En lo que se refiere al concurso Basque Culinary Center, el trabajo ganador fue "On egin". En la presente edición se han repartido premios por valor superior a 4.000 euros.</subfield>
   </datafield>
   <datafield ind1="8" ind2=" " tag="024">
      <subfield code="a">https://hdl.handle.net/20.500.11984/4256</subfield>
   </datafield>
   <datafield tag="653" ind2=" " ind1=" ">
      <subfield code="a">Humanitate eta Hezkuntza Zientzien Fakultatea</subfield>
   </datafield>
   <datafield ind2="0" ind1="0" tag="245">
      <subfield code="a">"Zarautzen erosi zuen", "On egin", "Kate Motzak" eta "Ur azpian" film laburrak Huhezinemaren 8. edizioaren irabazle nagusiak</subfield>
   </datafield>
   <datafield ind2="0" ind1="0" tag="245">
      <subfield code="a">"La compró en Zarautz", "On egin", "Kate Motzak" y "Ur azpian"  ganadores en la octava edición de Huhezinema</subfield>
   </datafield>
</record></metadata></record></GetRecord></OAI-PMH>